000 01090nam a22003137a 4500
003 CHAP
005 20220329133843.0
008 971013s1997 r 00010 spa d
010 _a11816
011 _a12788
020 _a9688844772
035 _a16418
040 _cCHAP
082 0 4 _a378.7252
_bH55
100 0 0 _aHernández Suárez, Cleotilde.
_954653
245 1 0 _aOferta y demanda educativa de la Universidad Autónoma Chapingo, periodo 1980 - 1985 :
_bTrayectoria y perspectivas
_c/Por Cleotilde Hernández Suárez
260 _aChapingo, Méx. :
_bUACH. UPOM,
_c1997
300 _a240 p.
490 _aDiagnóstico institucional ;
_v7
590 _aBATCH-UPD
_b10
_c20130110
_lUCH01
_h1936
590 _aBATCH-UPD
_b10
_c20130410
_lUCH01
_h1300
590 _aBATCH-UPD
_b10
_c20130914
_lUCH01
_h1244
590 _aCONVERSION
_b10
_c20130109
_lUCH01
_h1308
650 0 4 _aEducación superior
_zMéxico (Edo.).
_935668
830 0 _aDiagnóstico institucional ;
_v7
_932395
901 _aBK
942 _cLIBRO
949 _a378.7252 H55
_bBC
_cUACH
_d33724002325694
_eUACH
_h116612
_i16418
_sb
999 _c11816
_d11816